| Tag |
First Indicator |
Second Indicator |
Subfields |
| LEADER |
00000cam a2200000Ii 4500 |
| 001 |
in00003602413 |
| 005 |
20211120173427.0 |
| 006 |
m o d f |
| 007 |
cr bn||||||||| |
| 008 |
140701s1911 dcuabf ob f001 0 eng d |
| 019 |
|
|
|a 761196263
|
| 035 |
|
|
|a (OCoLC)ocn882367175
|
| 040 |
|
|
|a COP
|b eng
|e rda
|c COP
|d OCLCO
|d OCLCE
|d COD
|d OCLCF
|d OCLCA
|d GPO
|d MvI
|d UtOrBLW
|
| 043 |
|
|
|a n-us-co
|
| 049 |
|
|
|a WWW
|
| 074 |
|
|
|a 0620 (online)
|
| 086 |
0 |
|
|a I 19.3:478
|
| 100 |
1 |
|
|a Irving, J. D.
|q (John Duer),
|d 1874-1918,
|e author.
|0 http://id.loc.gov/authorities/names/no98128574
|
| 245 |
1 |
0 |
|a Geology and ore deposits near Lake City, Colorado /
|c by John Duer Irving and Howland Bancroft.
|
| 264 |
|
1 |
|a Washington, D.C. :
|b Department of the Interior, United States Geological Survey,
|c 1911.
|
| 264 |
|
2 |
|a Washington :
|b Government Printing Office
|
| 300 |
|
|
|a 1 online resource (128 pages, VIII pages of plates) :
|b illustrations, maps.
|
| 336 |
|
|
|a text
|b txt
|2 rdacontent
|
| 337 |
|
|
|a computer
|b c
|2 rdamedia
|
| 338 |
|
|
|a online resource
|b cr
|2 rdacarrier
|
| 490 |
1 |
|
|a Geological Survey bulletin ;
|v 478
|
| 500 |
|
|
|a Title from title screen (viewed June 30, 2014).
|
| 500 |
|
|
|a Geology, by Whitman Cross--pages 18-32.
|
| 504 |
|
|
|a Includes bibliographical references and index.
|
| 650 |
|
0 |
|a Geology
|z Colorado.
|0 http://id.loc.gov/authorities/subjects/sh85054064
|
| 650 |
|
0 |
|a Mines and mineral resources
|z Colorado.
|0 http://id.loc.gov/authorities/subjects/sh97001707
|
| 650 |
|
7 |
|a Geology.
|2 fast
|0 (OCoLC)fst00940627
|
| 650 |
|
7 |
|a Mines and mineral resources.
|2 fast
|0 (OCoLC)fst01022541
|
| 651 |
|
7 |
|a Colorado.
|2 fast
|0 (OCoLC)fst01210251
|
| 700 |
1 |
|
|a Bancroft, Howland,
|e author.
|
| 700 |
1 |
|
|a Cross, Whitman,
|d 1854-1949,
|e author.
|0 http://id.loc.gov/authorities/names/no98122203
|
| 710 |
2 |
|
|a Geological Survey (U.S.),
|e issuing body.
|0 http://id.loc.gov/authorities/names/n80092173
|
| 776 |
0 |
8 |
|i Print version:
|a Irving, J. D. (John Duer), 1874-1918.
|t Geology and ore deposits near Lake City, Colorado
|w (DLC)gs 11000590
|w (OCoLC)1982156
|
| 830 |
|
0 |
|a Bulletin (Geological Survey (U.S.)) ;
|v no. 478.
|0 http://id.loc.gov/authorities/names/no2010146370
|
| 856 |
4 |
0 |
|u https://purl.fdlp.gov/GPO/gpo61261
|t 0
|
| 999 |
f |
f |
|s 64445ca1-3bff-3c9c-a822-97167f80ab3c
|i 621448eb-176a-3cd3-b715-cb089a5f3268
|t 0
|
| 952 |
f |
f |
|a Texas A&M University
|b College Station
|c Electronic Resources
|d Available Online
|t 0
|e I 19.3:478
|h Superintendent of Documents classification
|
| 998 |
f |
f |
|a I 19.3:478
|t 0
|l Available Online
|